Kritické pojmy dejín umenia. Critical Terms for Art History
Gespeichert in:
| Weitere Verfasser: | , |
|---|---|
| Format: | Buch |
| Veröffentlicht: |
Bratislava :
Slovart : Centrum súčasného umenia,
2004
|
| Schlagworte: | |
| Tags: |
Keine Tags, Fügen Sie das erste Tag hinzu!
|
MARC
| LEADER | 00000nam a22000003a 4500 | ||
|---|---|---|---|
| 001 | stu130432 | ||
| 005 | 20150617225931.4 | ||
| 008 | 061129s2004----------------------------d | ||
| 020 | |a 80-7145-978-X | ||
| 040 | |a STU |b slo | ||
| 041 | 0 | ||
| 100 | 1 | |a Nelson, Robert S. |4 com | |
| 245 | 1 | |a Kritické pojmy dejín umenia. Critical Terms for Art History | |
| 260 | |a Bratislava : |b Slovart : |b Centrum súčasného umenia, |c 2004 | ||
| 300 | |a 572 s | ||
| 650 | 7 | |a dejiny umenia |2 stusub | |
| 650 | 7 | |a teória umenia |2 stusub | |
| 700 | 1 | |a Schiff, Richard |4 com | |
| 996 | |b 284AU04484 |c A*6990 U |l AAKNST |s P |a 0 |w stu130432_0001 | ||
| 996 | |b 284AU03274 |c A*5076 |l AA5150 |s P |a 0 |w stu130432_0002 | ||
| 996 | |b 284AU05422 |c A*8151 U |l AAKNAR |s A |a 24 |w stu130432_0003 | ||
| 996 | |b 284AU05423 |c A*8152 U |l AAKNAR |s A |a 24 |w stu130432_0004 | ||